Регионална библиотека "Любен Каравелов" - Русе

Начални уроци по цигулка (Запис номер 99985)

MARC детайли
000 -Лидер
Контролно поле с фиксирана дължина nam a22 a 4500
003 - Код на организацията, давaща контролен номер
Контролно поле BLK
005 - Дата и час на последна редакция
Контролно поле 20230502151847.0
008 - Елементи от данни с фиксирана дължина
fixed length control field 180409b bul|||||r ||||||| ||bul||
010 ## - Наследен системен номер
LC control number KNG00105002000
020 ## - Международен стандартен номер на книга ISBN
Международен стандартен номер на книга ISBN 954-8785-33-1
040 ## - Източник на каталожния запис
Идентификатор на билиотеката - собственик на записа BLK
041 ## - Код за език
Код за езика на текст/звукозапис или на отделно заглавие Български
Код за езика КДБФ Български
080 ## - УДК
Текстов определител УДК Цигулка, виолина, виола д'аморе
УДК код - определител по УДК 787.1
УДК определител .02
УДК - код + определител 787.1.02
100 1# - Редна дума - Автор
Автор Петков, Христо Добрев
Авторска отговорност първи автор
R(LIN) 308283
139 ## - Редно поле
Редна дума Петков, Христо Добрев
Авторски знак Петко - П 44
245 10 - Сведения за заглавието
Заглавие Начални уроци по цигулка
Редно поле (дума) Христо Добрев Петков.
257 ## - Страна на издаване
Страна на създаване/издаване България
260 ## - Област на издателските данни
Място на издаване, разпространение и проч. София
Име на издателя, разпространителя и проч. Алфа-Дар
Година на издаване 2001
Печатница София : Стандартизация принт
300 ## - Физическа характеристика
Страници 198 с.
Илюстрации и др. с портр., ноти
Размери/Мащаб 20 см
380 ## - Жанр
Жанр Изкуство
500 ## - Общи забележки
Забележка Съдържа и За автора на книгата. - Библиогр. с. 192-193.
504 ## - Забележка за наличие на библиография и др
Забележка за наличие на библиография и под. 192-193
650 #4 - Допълнително описание по предмет – тема
Основно описание – тема или топоним Цигулка - методика и техника на свиренето
9 (RLIN) 274671
653 ## - Ключова дума – ненормативна
Ключова дума цигулка
852 ## - Местоположение
Форматна сигнатура Цб 214114
856 4# - Електронен адрес и достъп
Електронен формат pdf - файл
Инструкция (цена за достъп) 0.00
Права за достъп disable
856 4# - Електронен адрес и достъп
Електронен формат pdf - файл
Инструкция (цена за достъп) 0.00
Права за достъп disable
999 ## - СИСТЕМНИ КОНТРОЛНИ НОМЕРА
Koha biblionumber 99985
Koha biblioitemnumber 99985
942 ## - АРТИКУЛИ
Вид на библиотечния материал Книги
Скрит в OPAC Не
Периодичен библиозапис Да
944 ## - СЪЗДАВАНЕ И РЕДАКЦИЯ на ЗАПИСА
Създаване/Редакция Създаване
Дата на регистрацията/редакция 01.01.2001
Служител, извършил регистрацията/редакцията Цветанка_Енчева
944 ## - СЪЗДАВАНЕ И РЕДАКЦИЯ на ЗАПИСА
Създаване/Редакция Редакция
Дата на регистрацията/редакция 2023-05-02
Служител, извършил регистрацията/редакцията ир
999 ## - СИСТЕМНИ КОНТРОЛНИ НОМЕРА
Koha biblioitemnumber 99985
Наличности
Код за отписване Код за изгубен артикул Източник на класификационната схема Код за повреда Коз за рестрикции Код за отдаване Артикулен № Име на библиотеката - собственик Име на библиотеката, в която се намира в момента Статус (Текущо местоположение) Дата на вписване в системата Местоположение - отдел Цена в лева Инвентарен номер Систематично азбучна сигнатура Баркод Номер на екземпляра Цена в евро Служебна бележка Служебен тип на артикула
  Не е изгубен Universal Decimal Classification Не е повреден само за читалня ползва се в читалня 161029 Регионална библиотека "Любен Каравелов" Русе Регионална библиотека "Любен Каравелов" Русе Хранилище 2003-02-19 Хранилище 3.50 120000674836 Цб 214114 120000674836 1 1.79 Дост: Dp Вид: Д N: 20 Дата: 01.05.2002 Книги
  Не е изгубен Universal Decimal Classification Не е повреден без рестрикции заемане за дома 161030 Регионална библиотека "Любен Каравелов" Русе Регионална библиотека "Любен Каравелов" Русе Отдел Изкуство - подръчен фонд 2003-04-04 Отдел Изкуство - подръчен фонд 3.50 120000675511 787.1/П 44 120000675511 2 1.79 Дост: DA Вид: А N: 10 Дата: 04.04.2003 Дата инв: 21.06.2012 Бележки инв: * Книги
Vip Innovations Ltd, Rousse, Bulgaria 2025